Joueurs de tennis Top 5 sans grand chelem - Statistiques

Statistiques générales
  • Ce quiz a été pris 400 fois
  • Le résultat moyen est 11 sur 37
Statistiques - réponses
Meilleur
classement
Meilleur parcours
en grand chelem
Réponse % Correct
5 Finale Tsonga
90%
2 Finale Zverev
81%
3 Finale Tsitsipas
74%
2 Finale Ruud
73%
3 Finale Ferrer
66%
4 Finale Nishikori
56%
5 Quart de finale Rublev
56%
3 Demi finale Dimitrov
49%
4 Finale Berdych
48%
1 Finale Rios
39%
3 Finale Raonic
37%
3 Finale Nalbandian
36%
4 Finale Soderling
35%
5 Quart de finale Fritz
34%
5 Finale Anderson
33%
3 Demi finale Davydenko
33%
4 Finale Medvedev
31%
4 Demi Finale Grosjean
28%
3 Finale Coria
27%
5 Finale Pioline
26%
4 Quart de Finale Forget
25%
2 Finale Corretja
20%
2 Demi finale Haas
19%
4 Demi Finale Henman
19%
4 Quart de finale Blake
16%
5 Finale Gonzalez
16%
3 Demi Finale Ljubicic
14%
2 Finale Norman
13%
5 Quart de finale Robredo
9%
4 Finale Enqvist
8%
4 Finale Martin
8%
4 Finale Rusedski
8%
4 Demi Finale Kiefer
5%
5 Finale Schüttler
5%
4 Demi Finale Bjorkman
4%
5 Demi Finale Novak
4%
4 Quart de Finale Gilbert
2%
Aucun quiz correspondant
Distribution des résultats
% des personnes avec chaque résultat
Percentile par nombre de réponses
Votre historique - résultats
Vous n’avez pas pris ce quiz